Edificis escolars
Descripción Física:
105 p. : il. ; 29'5 cm
Materias:
Escoles -- Edificis -- Normes
MARC
| LEADER | 00000nam a2200000Ia 4500 | ||
|---|---|---|---|
| 001 | 11737 | ||
| 008 | 160829s1997 xx 000 0 cat d | ||
| 080 | |a E-1-178 | ||
| 245 | |a Edificis escolars | ||
| 260 | |a Barcelona : |b Diputació de Barcelona. Servei d'Ensenyament, |c 1997 | ||
| 300 | |a 105 p. : |b il. ; |c 29'5 cm | ||
| 590 | |a A la coberta, abans del títol: 'Monogràfic. Temes educatius' | ||
| 650 | 0 | |a Escoles |x Edificis |x Normes |9 21874 | |
| 710 | 1 | |a Barcelona (Catalunya : Província). |b Servei d'Ensenyament |9 54959 | |
| 901 | |a Arxiu | ||
| 942 | |n 1 | ||
| 952 | |0 0 |1 0 |4 0 |6 E1178 |7 1 |9 41894 |a Arxiu |b Arxiu |d 2016-12-01 |l 0 |o E-1-178 |p 11737 |r 2016-12-01 00:00:00 |w 2016-12-01 |y ARXIU | ||
| 999 | |c 44341 |d 44341 | ||